Zehn Lieder, Op. 17. für eine Singstimme mit Clavierbegleitung / Heft II., Vier weltliche Lieder
| Main Author: | Bruch, Max, 1838-1920 |
|---|---|
| Other Authors: | Geibel, Emanuel, 1815-1884, Heyse, Paul, 1830-1914 |
| Language: | German |
| Published: |
Breslau : F.E.C. Leuckart, [1870?] |
| Physical Description: |
1 partitura (9 s.) |
| LEADER | 01076ncm a22002532a 4500 | ||
|---|---|---|---|
| 001 | 001268339 | ||
| 003 | CZ BrMZK | ||
| 005 | 20150427093249.0 | ||
| 007 | qu | ||
| 008 | 121129s1870 pl |||||||||||||||||ger d | ||
| 040 | |a BOA001 |b cze | ||
| 072 | 7 | |a 784 |x Vokální hudba |2 Konspekt |9 9 | |
| 100 | 1 | |a Bruch, Max, |d 1838-1920 |7 jn20000601045 |4 cmp | |
| 245 | 1 | 0 | |a Zehn Lieder, Op. 17. |n Heft II., Vier weltliche Lieder |h [hudebnina] : |b für eine Singstimme mit Clavierbegleitung / |c componirt von Max Bruch ; aus dem Spanischen und Italienischen von Emanuel Geibel u. Paul Heyse |
| 260 | |a Breslau : |b F.E.C. Leuckart, |c [1870?] | ||
| 300 | |a 1 partitura (9 s.) | ||
| 500 | |a Tisk vtlačenou plotnou F.E.C.L. 1781 | ||
| 510 | 4 | |a [Winiker, C.: Haupt-Katalog der Musikalien-Leih-Anstalt, |c 37691] | |
| 700 | 1 | |a Geibel, Emanuel, |d 1815-1884 |7 mzk2010578421 |4 trl | |
| 700 | 1 | |a Heyse, Paul, |d 1830-1914 |7 jn20000700710 |4 trl | |
| 910 | |a BOA001 |b Mus4-0220.290,2 | ||
| 990 | |a MU | ||
| 991 | |b 201211 | ||
| 996 | 6 | |b 2619493917 |c Mus4-0220.290,2 |l MZK |r Sklad / do 1 hodiny |n 0 |p W |w 001302453 |u 000010 |a 1 |e BOA001 |j MZK50 |s P | |
English
Čeština 